Countries Where Fairtrade Works - Statistics

General Stats
  • This quiz has been taken 45 times
  • The average score is 17 of 25
Answer Stats
Where in the world Countries % Correct
South America Colombia
89%
Central America Guatemala
89%
North America Mexico
89%
South America Peru
89%
South America Bolivia
83%
Central America Honduras
83%
South America Argentina
78%
South America Paraguay
78%
Central America Belize
75%
Central America Costa Rica
75%
Central America Nicaragua
75%
Africa Ghana
72%
Africa Kenya
72%
Asia India
69%
Caribbean Dominican Republic
67%
Africa Ethiopia
67%
Africa Tanzania
67%
Africa South Africa
61%
Oceania Papua New Guinea
56%
Africa Uganda
56%
Asia Vietnam
50%
Caribbean Saint Lucia
44%
Africa Ivory Coast
42%
Africa Malawi
39%
Asia Sri Lanka
39%
No matching quizzes found
Score Distribution
Percent of People with Each Score
Percentile by Number Answered
Your Score History
You have not taken this quiz